Anar al contingut

Роль аналога человеческого глюкагоноподобного пептида-1 в терапии сахарного диабета 2 типа Статья

Guardat en:
Dades bibliogràfiques
Autor principal: Шестакова М.В
Format: Статья
Accés en línia:https://znanium.com/catalog/document?id=134050
https://znanium.com/cover/0499/499756.jpg
Etiquetes: Afegir etiqueta
Sense etiquetes, Sigues el primer a etiquetar aquest registre!
LEADER 01504nam0a2200217 i 4500
001 RU\infra-m\znanium\bibl\499756
003 https://znanium.com/catalog/document?id=134050
005 20200302000000.0
100 |a 20200302d2014 m y0rusy0150 ca 
101 0 |a rus 
102 |a RU 
200 1 |a Роль аналога человеческого глюкагоноподобного пептида-1 в терапии сахарного диабета 2 типа  |e Статья  |f Национальный медицинский исследовательский центр Кардиологии 
210 1 |a Москва  |c ФГБУ "Эндокринологический научный центр" МинЗдрав РФ  |d 2010 
215 |a 4 с. 
333 |a Аспирантура 
606 |a Медицина. Фармакология  |x Эндокринология и болезни обмена веществ  |2 local 
608 |a Статья  |2 local 
700 1 |a Шестакова  |b М.В.  |g Марина Владимировна  |p Национальный медицинский исследовательский центр Кардиологии 
801 0 |a RU  |b Общество с ограниченной ответственностью «ЗНАНИУМ»  |c 20141212  |2 rusmarc 
856 4 |a znanium.com  |m ebs_support@infra-m.ru  |n НИЦ ИНФРА-М  |u https://znanium.com/catalog/document?id=134050 
856 4 1 |a znanium.com  |d /cover/0499  |f 499756.jpg  |q image/jpeg  |u https://znanium.com/cover/0499/499756.jpg